000 00665cam a2200241 4500500
005 20260405003832.0
041 _afre
042 _adc
100 1 0 _aEnjalbert, Cédric
_eauthor
245 0 0 _a“Rembobiner” : devenir-femme
260 _c2024.
500 _a97
690 _aAutonomie
690 _aFéminisme
690 _aFemmes
690 _aLuttes
690 _aMarge
690 _aPolitique
690 _aSubversion
690 _aThéâtre
786 0 _nPhilosophie magazine | 178 | 4 | 2024-04-01 | p. 56-56 | 1951-1787
856 4 1 _uhttps://shs.cairn.info/magazine-philosophie-magazine-2024-4-page-56?lang=fr&redirect-ssocas=7080
999 _c2071309
_d2071309